<The> Internationalization Process of the Firm Searching for New Patterns and Explanations
Uložené v:
| Hlavný autor: | |
|---|---|
| Médium: | Kniha |
| Jazyk: | English |
| Vydavateľské údaje: |
Stockholm
Institute of International Business
1991
|
| Vydanie: | 1. ed. |
| Predmet: | |
| Tagy: |
Žiadne tagy, Buďte prvý, kto otaguje tento záznam!
|
MARC
| LEADER | 00000nam a2200000 4500 | ||
|---|---|---|---|
| 001 | c004155 | ||
| 005 | 20221206114702.4 | ||
| 020 | |a 91-971005-79 | ||
| 041 | 0 | |a eng | |
| 044 | |a SE | ||
| 245 | 1 | 0 | |a <The> Internationalization Process of the Firm |b Searching for New Patterns and Explanations |c Kjell A. Nordström |
| 250 | |a 1. ed. | ||
| 264 | 1 | |a Stockholm |b Institute of International Business |c 1991 | |
| 300 | |a 228 s. | ||
| 610 | 2 | 0 | |a firmy |
| 610 | 2 | 0 | |a internacionalizácia |
| 610 | 2 | 0 | |a spoločnosti nadnárodné |
| 610 | 2 | 0 | |a investície zahraničné |
| 610 | 2 | 0 | |a modely ekonomicko-matematické |
| 610 | 2 | 0 | |a testovanie hypotéz |
| 610 | 2 | 0 | |a podnik priemyselný |
| 610 | 2 | 0 | |a Švédsko |
| 100 | 1 | |a Nordström, Kjell A. | |